|
|
|
|
| LEADER |
00754nam a22002172a 4500 |
| 001 |
001183109 |
| 003 |
CZ BrMZK |
| 005 |
20120612110142.0 |
| 007 |
ta |
| 008 |
111129s1977 xo er|||||||||||slo d |
| 040 |
|
|
|a HKA001
|b cze
|d BOA001
|
| 041 |
0 |
|
|a slo
|a hun
|
| 100 |
1 |
|
|a Mózsi, Ferenc,
|d 1947-
|7 ola2003206389
|4 aut
|
| 245 |
1 |
0 |
|a Slovenský jazyk :
|b metodická příručka na vyučovanie v 2. ročníku základnej školy s vyučovacím jazykom maďarským /
|c Ferenc Mózsi
|
| 250 |
|
|
|a 1. vyd.
|
| 260 |
|
|
|a Bratislava :
|b Slovenské pedagogické nakladateľstvo,
|c 1977
|
| 300 |
|
|
|a 249 s.
|
| 910 |
|
|
|a BOA001
|b 2-0771.035
|
| 990 |
|
|
|a BK
|
| 991 |
|
|
|b 201111
|
| 996 |
7 |
|
|b 2619515742
|c 2-0771.035
|l MZK
|r Sklad / do 1 hodiny
|n 0
|w 001216801
|u 000010
|a 1
|e BOA001
|j MZK50
|s A
|